| 000 | 01162nam a22002537a 4500 | ||
|---|---|---|---|
| 003 | OSt | ||
| 005 | 20220316092916.0 | ||
| 008 | 120711t xxu||||| |||| 00| 0 eng d | ||
| 020 | _a9781285099217 | ||
| 020 | _a1285099214 | ||
| 040 | _cLC | ||
| 050 | _aQA76.9.D3 A21 | ||
| 100 | _aAdamski, Joseph J. | ||
| 245 |
_aNew perspectives on Microsoft Access 2013: introductory. / _cJoseph J. Adamski, Kathleen T. Finnegan, Sharon Scollard |
||
| 260 |
_aNew York: _bCengage Learning, _c2014. |
||
| 300 |
_a1 vol. (various pagings) : _bill.; |
||
| 500 | _aIncludes index. Windows 7 and Windows 8 compatible | ||
| 505 | _aContents: Creating a database -- Building a database and defining table relationships -- Maintaining and querying a database -- Creating forms and reports -- Creating advanced queries and enhancing table design -- Using form tools and creating custom forms -- Creating custom reports -- Sharing, integrating and analyzing data -- Appendix: Relational databases and database design | ||
| 650 | _aMicrosoft Access. | ||
| 650 | _aDatabase management. | ||
| 700 | _aFinnegan, Kathleen T. | ||
| 700 | _qScollard, Sharon | ||
| 942 |
_2lcc _cBK |
||
| 999 |
_c7452 _d14952 |
||